Meilleurs marqueurs en NBA par saison - Statistiques

Statistiques générales
  • Ce quiz a été pris 1 784 fois
  • Le résultat moyen est 41 sur 76
Statistiques - réponses
Année Réponse % Correct
2007-2008 LeBron James
97%
1997-1998 Michael Jordan
95%
1996-1997 Michael Jordan
95%
1995-1996 Michael Jordan
95%
1992-1993 Michael Jordan
95%
1991-1992 Michael Jordan
95%
1990-1991 Michael Jordan
95%
1989-1990 Michael Jordan
95%
1988-1989 Michael Jordan
95%
1987-1988 Michael Jordan
95%
1986-1987 Michael Jordan
95%
2020-2021 Stephen Curry
94%
2015-2016 Stephen Curry
94%
2019-2020 James Harden
91%
2018-2019 James Harden
91%
2017-2018 James Harden
91%
2013-2014 Kevin Durant
90%
2011-2012 Kevin Durant
90%
2010-2011 Kevin Durant
90%
2009-2010 Kevin Durant
90%
2006-2007 Kobe Bryant
90%
2005-2006 Kobe Bryant
90%
1969-1970 Jerry West
88%
2016-2017 Russell Westbrook
82%
2014-2015 Russell Westbrook
82%
1999-2000 Shaquille O'Neal
82%
1994-1995 Shaquille O'Neal
82%
1965-1966 Wilt Chamberlain
81%
1964-1965 Wilt Chamberlain
81%
1963-1964 Wilt Chamberlain
81%
1962-1963 Wilt Chamberlain
81%
1961-1962 Wilt Chamberlain
81%
1960-1961 Wilt Chamberlain
81%
1959-1960 Wilt Chamberlain
81%
1971-1972 Kareem Abdul-Jabbar
72%
1970-1971 Kareem Abdul-Jabbar
72%
2021-2022 Joel Embiid
71%
2004-2005 Allen Iverson
66%
2001-2002 Allen Iverson
66%
2000-2001 Allen Iverson
66%
1998-1999 Allen Iverson
66%
2008-2009 Dwyane Wade
56%
1993-1994 David Robinson
47%
2012-2013 Carmelo Anthony
42%
1958-1959 Bob Pettit
40%
1955-1956 Bob Pettit
40%
2003-2004 Tracy McGrady
39%
2002-2003 Tracy McGrady
39%
1950-1951 George Mikan
20%
1949-1950 George Mikan
20%
1948-1949 George Mikan
20%
1981-1982 George Gervin
18%
1979-1980 George Gervin
18%
1978-1979 George Gervin
18%
1977-1978 George Gervin
18%
1982-1983 Alex English
17%
1975-1976 Bob McAdoo
17%
1974-1975 Bob McAdoo
17%
1973-1974 Bob McAdoo
17%
1985-1986 Dominique Wilkins
17%
1968-1969 Elvin Hayes
15%
1983-1984 Adrian Dantley
11%
1980-1981 Adrian Dantley
11%
1984-1985 Bernard King
11%
1966-1967 Rick Barry
11%
1976-1977 Pete Maravich
10%
1956-1957 Paul Arizin
6%
1951-1952 Paul Arizin
6%
1972-1973 Nate Archibald
5%
1967-1968 Dave Bing
2%
1946-1947 Joe Fulks
2%
1957-1958 George Yardley
1%
1954-1955 Neil Johnston
1%
1953-1954 Neil Johnston
1%
1952-1953 Neil Johnston
1%
1947-1948 Max Zaslofsky
0%
Aucun quiz correspondant
Distribution des résultats
% des personnes avec chaque résultat
Percentile par nombre de réponses
Votre historique - résultats
Vous n’avez pas pris ce quiz